000 00803nam a2200241 a 4500
008
020 _a1858660513 (pbk.)
049 _aMAIN
090 _aT174.3
245 0 4 _aThe technology of transition :
_bscience and technology policies for transition countries /
_cedited by David A. Dyker.
260 _aBudapest :
_bCentral European University Press,
_c1997.
300 _aviii, 292 p. ;
_c24 cm.
500 _aIncludes index.
504 _aIncludes bibliographical references.
650 0 _aTechnology and state
_zEurope, Eastern.
650 0 _aScience and state
_zEurope, Eastern.
700 1 _aDyker, David A.
907 _a.b10027464
_b31-08-05
_c17-04-03
003
005 20230123133145.0
040 _cNUST
942 _cBOOKS
_kT174.3
999 _c143735
_d143735